000 00592nam a2200193Ia 4500
003 GCL
008 140319s9999 xx 000 0 ara d
040 _aGCL /
_cGCL
082 0 4 _a070.48
_bف ص
100 1 _aفاروق ابوزيد
245 1 0 _aالصحافة المتخصصة /
_cفاروق ابوزيد
260 _aالقاهرة :
_bعالم الكتب الحديث ،
_c1993
300 _a223 ص ؛
_c25سم
490 _a
650 0 4 _aالصحافة
650 0 4 _aالصحافة - الجوانب السياسية
650 0 4 _aالصحافة - تحليل
942 _2ddc
_cBK
999 _c32156
_d32156